000
00305nam a2200133Ia 4500
008
220204s9999 xx 000 0 und d
082
_a
621.98
_b
SHU
100
_a
Eleneyev, S
245
0
_a
Press working
260
_a
Moscow
_b
Mir
_c
1974
650
_a
Sheet metal
700
_a
Shukhov, Y U
942
_c
BK
999
_c
24171
_d
24171